000 02170cam a2200373 4500500
005 20260329002229.0
041 _afre
042 _adc
100 1 0 _aGrieco, Kyra
_eauthor
700 1 0 _aCadenza Academic Translations
_eauthor
700 1 0 _aTempleman, Jon
_eauthor
700 1 0 _aWood, Hayley
_eauthor
700 1 0 _aMellor, Mark
_eauthor
245 0 0 _a“Eating Marble”: Extractive Predation and Social Reproduction in Carrara (Apuan Alps, Central Italy)
260 _c2025.
500 _a32
520 _aBased on ongoing ethnographic research conducted with a network of workers, former workers, and local residents of the Carrara marble basin (Central Italy), this article explores the forms of solidarity and dependence intertwined with and around marble extraction. An overview of the history of marble quarrying provides an introduction to the specific contemporary context, which is characterized by increased extraction and declining employment. An analysis of different local interpretations of these processes highlights a shared predatory dimension. The observation of an unequal exchange between extraction and its benefits is, however, nuanced by the existence of long-standing links between marble work and social reproduction at the local level, as evidenced by the intergenerational transmission of quarries, companies, and trade. Closer attention to these modes of transmission reveals a durable correlation between marble work and male status. Finally, I return to corporatism in the marble industry as the expression of the paradoxical relationship between extractive predation and social reproduction in this region.
690 _aCarrare
690 _aextractivisme
690 _agenre
690 _aItalie
690 _amarbre
690 _aparenté
690 _aprédation
690 _aCarrara
690 _aextractivism
690 _agender
690 _aItaly
690 _akinship
690 _amarble
690 _apredation
786 0 _nL'Homme | 251-252 | 3-4 | 2025-01-23 | p. 63-94 | 0439-4216
856 4 1 _uhttps://shs.cairn.info/journal-l-homme-2024-3-4-page-63?lang=en&redirect-ssocas=7080
999 _c1812973
_d1812973